000 00659nam a2200277Ia 4500
005 20260324143051.0
008 008 260324s9999 xx 000 0 eng d
020 _a9780203723937
037 _aEBOOK
040 _aCRL
040 _beng
040 _cCRL
041 _2eng
041 _aeng
084 _qCRL
100 _aJ.R. LeMaster; James D. Wilson
_91214257
245 4 _aThe Routledge Encyclopedia of Mark Twain
260 _bTaylor and Francis
260 _c1993
365 _a
365 _b350
856 _uhttp://www.taylorfrancis.com/books/9780203723937
942 _cEBOOK
999 _c1819226
_d1819226